| 000 | 01695cam a2200289 4500500 | ||
|---|---|---|---|
| 005 | 20260111092717.0 | ||
| 041 | _afre | ||
| 042 | _adc | ||
| 100 | 1 | 0 |
_aRoure, David _eauthor |
| 245 | 0 | 0 | _aJacques Ellul : éthique de la non-puissance |
| 260 | _c2015. | ||
| 500 | _a75 | ||
| 520 | _aPourquoi en est-on venu à l’idée que le Dieu chrétien ne rirait pas et condamnerait le rire ? Le rire a pourtant eu sa juste place dans la tradition chrétienne naissante. Cet article examine la place du rire dans la culture païenne et la manière dont Clément d’Alexandrie a reçu cette tradition dans le Pédagogue pour montrer, à partir de la figure d’Isaac, comment le rire, une fois éduqué, peut manifester la joie d’être sauvé. | ||
| 520 | _aWhy has one come to the idea that the Christian God would not laugh and would condemn laughter ? Even so laughter has had its just place in the dawning Christian tradition. This article examines the place of laughter in pagan culture and the manner in which Clement of Alexandria received this tradition in the Paedagogus to show, starting from the person of Isaac, how laughter, once educated, can manifest the joy of being saved. | ||
| 690 | _aéthique | ||
| 690 | _aJacques Ellul (1912-1994) | ||
| 690 | _anon-puissance | ||
| 690 | _asociété | ||
| 690 | _atechnique | ||
| 690 | _aethics | ||
| 690 | _aJacques Ellul (1912-1994) | ||
| 690 | _apowerlessness | ||
| 690 | _asociety | ||
| 690 | _atechnics | ||
| 786 | 0 | _nNouvelle revue théologique | 138 | 1 | 2015-12-07 | p. 111-115 | 0029-4845 | |
| 856 | 4 | 1 | _uhttps://shs.cairn.info/revue-nouvelle-revue-theologique-2016-1-page-111?lang=fr&redirect-ssocas=7080 |
| 999 |
_c1624222 _d1624222 |
||